THE ATMOSPHERE AN INTRODUCTION TO METEOROLOGY (Record no. 22240)

MARC details
000 -LEADER
fixed length control field 00297nam a22001337a 4500
003 - CONTROL NUMBER IDENTIFIER
control field SGT
082 ## - DEWEY DECIMAL CLASSIFICATION NUMBER
Classification number 551.5
Item number TAS
100 ## - MAIN ENTRY--PERSONAL NAME
Personal name TASA, DNNIS
245 ## - TITLE STATEMENT
Title THE ATMOSPHERE AN INTRODUCTION TO METEOROLOGY
250 ## - EDITION STATEMENT
Edition statement 12TH
260 ## - PUBLICATION, DISTRIBUTION, ETC. (IMPRINT)
Place of publication, distribution, etc INDIA
Name of publisher, distributor, etc PEARSON
Year of Publication 2015
300 ## - PAGE DESCRIPTION
No. of Pages 562
942 ## - ADDED ENTRY ELEMENTS (KOHA)
Source of classification or shelving scheme Dewey Decimal Classification
Koha item type Books
942 ## - ADDED ENTRY ELEMENTS (KOHA)
-- 14
Holdings
Withdrawn status Lost status Source of classification or shelving scheme Damaged status Not for loan Collection code Home library Current library Shelving location Date acquired Vendor Name Cost, normal purchase price SGTU Bill Number Total Checkouts Full call number Accession No. (Barcode) Date last seen Date last borrowed Bill Date Koha item type
    Dewey Decimal Classification     SCIENCE SGT Science & Social Sciences Library SGT Science & Social Sciences Library Text Book 25/02/2022 ABC 1029.00 SGTU 13646 4 551.5 TAS PS6336 21/12/2022 07/12/2022   Books
    Dewey Decimal Classification     SCIENCE SGT Science & Social Sciences Library SGT Science & Social Sciences Library Text Book 25/02/2022 ABC 1029.00 SGTU 13646 3 551.5 TAS PS6337 20/06/2025 20/06/2025   Books
    Dewey Decimal Classification     SCIENCE SGT Science & Social Sciences Library SGT Science & Social Sciences Library Text Book 25/02/2022 ABC 1029.00 SGTU 13646 4 551.5 TAS PS6338 17/12/2022 12/12/2022   Books
    Dewey Decimal Classification     SCIENCE SGT Science & Social Sciences Library SGT Science & Social Sciences Library Text Book 25/02/2022 ABC 1029.00 SGTU 13646   551.5 TAS PS6339 25/02/2022     Books
    Dewey Decimal Classification     SCIENCE SGT Science & Social Sciences Library SGT Science & Social Sciences Library Text Book 25/02/2022 ABC 1029.00 SGTU 13646 4 551.5 TAS PS6340 05/04/2024 30/03/2024   Books